| 000 | 00687nam a22001937a 4500 | ||
|---|---|---|---|
| 999 |
_c331855 _d331855 |
||
| 003 | NUST | ||
| 005 | 20171030155126.0 | ||
| 008 | 171005b xxu||||| |||| 00| 0 eng d | ||
| 020 | _a8176480177 | ||
| 040 | _c0 | ||
| 082 | _a628 RAJ | ||
| 100 |
_aRajvaidya,neelima _92651 |
||
| 245 |
_aAdvanced in Environmental Science and Technology (in 8 Volumes): _bTreatment of Pulp- and Paper Industrial Effluent vol 7 _cNeelima Rajvaidya |
||
| 260 |
_aNew Delhi _bA.P.H Publishing _c1998 |
||
| 300 | _a113p. | ||
| 500 | _aH.B | ||
| 942 |
_2ddc _cBK _kIESE |
||